Διερευνώντας τις εκπαιδευτικές χρήσεις των μη επανδρωμένων ιπτάμενων οχημάτων (Drones) στο δημοτικό σχολείο : μια διαθεματική προσέγγιση ; διπλωματική εργασία [μεταπτυχιακή εργασία]

Saved in:
Bibliographic Details
Main Author: Παπαδάκης, Δημήτριος
Corporate Author: Πανεπιστήμιο Αιγαίου Σχολή Ανθρωπιστικών Επιστημών Παιδαγωγικό Τμήμα Δημοτικής Εκπαίδευσης Πρόγραμμα Μεταπτυχιακών Σπουδών Επιστήμες της Αγωγής - Εκπαίδευση με τη Χρήση Νέων Τεχνολογιών
Other Authors: Φωκίδης, Εμμανουήλ (dgs [Επιβλέπων καθηγητής])
Format: Thesis Book
Language:Greek
Published: 2017.
Subjects:
Online Access:http://hdl.handle.net/11610/17290
Tags: Add Tag
No Tags, Be the first to tag this record!

MARC

LEADER 00000cam a2200000 a 4500
001 1/114462
008 170714s2017####gr | ||| |||| ||gre||
040 |a GR-MyUa  |b gre  |c GR-MyUa  |e AACR2 
041 0 |a gre 
082 7 |a 371.33   |2 (23) 
100 1 |a Παπαδάκης, Δημήτριος. 
245 1 0 |a Διερευνώντας τις εκπαιδευτικές χρήσεις των μη επανδρωμένων ιπτάμενων οχημάτων (Drones) στο δημοτικό σχολείο :   |b μια διαθεματική προσέγγιση ; διπλωματική εργασία [μεταπτυχιακή εργασία] /   |c Παπαδάκης Δημήτριος ; επιβλέπων καθηγητής: Φωκίδης Εμμανουήλ.  
260 |c 2017.  
300 |a 249 σ. :   |b πίν., διαγρ. ;   |c 30 εκ.  
500 |a Υπάρχει ψηφιακό αντίγραφο.  
500 |a Μέλη εξεταστικής επιτροπής: Δάρρα Μαρία, Καζούλη Βασιλεία.  
502 # # |a Διατριβή (μεταπτυχιακή) – Πανεπιστήμιο Αιγαίου, Ρόδος, 2017. 
504 |a Βιβλιογραφία: σ. 104-109.  
506 1 |a Πλήρες κείμενο - Ενδοπανεπιστημιακή δημοσίευση - Κλειδωμένη η δυνατότητα αντιγραφής.  
650 0 |a Drone aircraft. 
650 0 |a Active learning. 
650 0 |a Educational technology. 
650 0 |a Education, Primary. 
650 0 |a Experiential learning. 
650 0 |a Interdisciplinary approach in education. 
700 1 |a Φωκίδης, Εμμανουήλ,  |e dgs [Επιβλέπων καθηγητής] 
710 2 |a Πανεπιστήμιο Αιγαίου  |b Σχολή Ανθρωπιστικών Επιστημών  |b Παιδαγωγικό Τμήμα Δημοτικής Εκπαίδευσης  |b Πρόγραμμα Μεταπτυχιακών Σπουδών Επιστήμες της Αγωγής - Εκπαίδευση με τη Χρήση Νέων Τεχνολογιών. 
852 |a INST  |b RHODES  |c DIATR  |e 20170714  |h 371.33 ΠΑΠ  |p 005400039383  |q 005400039383  |t MTXE  |y 23 
856 |u http://hdl.handle.net/11610/17290 
924 |a Παπαδάκης   |b Δημήτριος   |y Ρόδος  |z 2017-03  
970 |z 14-07-2017